000 00556nam a2200181Ia 4500
003 GCL
008 140319s9999 xx 000 0 ara d
040 _aGCL /
_cGCL
082 0 4 _a362
_bا ا
100 1 _aاحمد مصطفى خاطر
245 1 0 _aالادارة وتقويم مشروعات الرعاية الاجتماعية /
_cاحمد مصطفى خاطر
300 _a247 ص
490 _aكتاب
_v0
650 0 4 _aالخدمة الاجتماعية
650 0 4 _aالادارة
650 0 4 _aالاجتماع الصناعى
942 _2ddc
_cBK
999 _c41279
_d41279